000 00952nam a2200313Ia 4500
001 H7863
003 IT-RoPAU
008 130308s9999 xx 000 0 und d
040 _aIT-RoPAU
040 _cIT-RoPAU
041 _aITALIANO
100 _aPullini Giorgio
100 _gCodice Aut. SPICS: 2287
245 _aPegaso - Pan
245 _bPegaso - Pan
250 _a1a ed.
260 _a TREVISO
260 _bEdizioni Canova
260 _c1976 [1° Ed.:1976 - Ed.Ling.Originale:1976]
300 _a"390 p. (prefazione: no ; testo: 390 [pagine: 0-0])"
500 _a"Articoli vari Apparsi Sulle riviste ""Pegaso"" rassegna di lettere e Arti Diretta da Ugo Ojetti e ""Pan"" rassegna di lettere Arte e Musica Diretta da Ugo Ojetti."
650 _aSTORIA DELLA STAMPA DI MASSA
650 _eCodice materia Spics: 6658
700 _aAA.VV.
700 _gCodice Aut. SPICS: 12000
942 _cBK
957 _71
999 _c92286
_d92286
999 _g1